Canciones de Lali por álbum - Estadísticas

Estadísticas generales
  • Esta prueba ha sido intentada 19 veces
  • La puntuación promedio es 38 de 61
Estadísticas de respuestas
Hint6 Respuesta % Correcto
4 A bailar
100%
1 Soy
100%
1 Asesina
85%
7 Boomerang
85%
9 Desamor
85%
11 Mi última canción (feat. Reik)
85%
10 Sin querer queriendo (feat. Mau y Ricky)
85%
3 Del otro lado
77%
1 Eclipse
77%
6 Ego
77%
2 Histeria
77%
2 Ladrón (feat. Cazzu)
77%
9 Pa que me quieras (feat. Noriel)
77%
7 Cielo salvador
69%
3 Fascinada
69%
7 LALIGERA
69%
5 No estoy sola
69%
13 Sola
69%
11 Una esquina en Madrid
69%
5 2 son 3
62%
4 Bailo pa mí
62%
14 Baum Baum
62%
12 Bomba
62%
7 Caliente (feat. Pablo Vittar)
62%
10 Como así (feat. CNCO)
62%
15 Corazón perdido
62%
5 Enredados
62%
8 Lo que tengo yo
62%
6 No puedo olvidarte (feat. Mau y Ricky)
62%
1 Obsesión
62%
1 OMG!
62%
7 Quiénes son?
62%
13 Reina
62%
5 Salvaje (feat. Abraham Mateo)
62%
4 Somos amantes
62%
6 Te siento
62%
2 Tu novia
62%
3 Tu revolución
62%
12 Tu sonrisa
62%
8 Una Na
62%
3 Besarte mucho
54%
3 Cómprame un brishito
54%
2 Disciplina
54%
5 Irresistible
54%
9 Lejos de mí
54%
8 Mi religión
54%
11 MOTIVEISHON
54%
2 Único
54%
9 Vuelve a mí
54%
10 Ahora
46%
10 Amor es presente
46%
8 Being
46%
4 Cree en mí
46%
8 Diva
46%
6 Incondicional
46%
4 KO
46%
9 N5
46%
11 Ring Na Na
46%
6 100 grados (feat. A.CHAL)
38%
12 Como tú
38%
10 Mil años luz
31%
No se encontraron pruebas coincidentes
Distribución de puntuación
Porcentaje de gente con cada puntuación
Porcentaje por número respondido
Historial de tus puntuaciones
No has intentado esta prueba.